00707cam a22002173a 45000010005000000030006000050050017000110080041000280400015000690420007000840500007000911000037000982450113001352600029002485060030002775160020003076530059003276530034003868300028004208560041004484801PGUSA20140828083108.0040101s2004||||xxu|||||s|||||000 | eng d aPGUSAbeng adc 4aDH1 aMotley, John Lothrop,d1814-187714aThe Rise of the Dutch Republic — Volume 01 :bIntroduction Ih[electronic resource] /cJohn Lothrop Motley bProject Gutenberg,c2004 aPublic domain in the USA. aElectronic text aNetherlands -- History -- Eighty Years' War, 1568-1648 aNetherlands -- Church history 0aProject Gutenbergv480140uhttp://www.gutenberg.org/ebooks/4801